Stare regiony Francji - Statystyki

Ogólne statystyki
  • Ten quiz został rozwiązany 74 razy
    71 od ostatniego zresetowania
  • Średni wynik to 7 z 22
Statystyki odpowiedzi
Stolica Stary region % Poprawnych
Strasburg Alzacja
84%
Metz Lotaryngia
75%
Rennes Bretania
73%
Ajaccio Korsyka
73%
Paryż Ile-de-France
67%
Bordeaux Akwitania
65%
Dijon Burgundia
59%
Nantes Kraj Loary
31%
Clermont-Ferrand Owernia
29%
Amiens Pikardia
25%
Lyon Rodan-Alpy
24%
Besancon Franche-Comte
20%
Limoges Limousin
18%
Marsylia Prowansja-Alpy-Lazurowe Wybrzeże
18%
Orlean Region Centralny
18%
Caen Dolna Normandia
16%
Rouen Górna Normandia
16%
Chalons-en-Champagne Szampania-Ardeny
14%
Lille Nord-Pas-de-Calais
12%
Tuluza Midi-Pireneje
10%
Montpellier Langwedocja-Roussillon
2%
Poitiers Poitou-Charentes
2%
Nie znaleziono quizów pasujących do podanych kryteriów
Rozkład punktacji
Procent ludzi z każdym wynikiem
Percentyl według liczby udzielonych odpowiedzi
Twoja historia wyników
Nie rozwiązałeś tego quizu od ostatniego zresetowania